[Event "Swindon U1900"]
[Site "Swindon"]
[Date "2025.08.24"]
[Round "5.4"]
[White "Palav, Mayank"]
[Black "Weston, Rick"]
[Result "1-0"]
[WhiteElo "1653"]
[BlackElo "1866"]
[PlyCount "124"]
[EventDate "2025.08.22"]
[EventType "swiss"]
[EventRounds "6"]
[EventCountry "ENG"]
[SourceTitle "BritBase"]
[Source "John Saunders"]
[SourceDate "2025.12.11"]
[SourceVersion "1"]
[SourceVersionDate "2025.12.11"]
[SourceQuality "1"]

1. e4 g6 2. d4 Bg7 3. c4 d6 4. Nc3 Nf6 5. Nf3 Bg4 6. Be2 O-O 7. O-O Nbd7 8. Be3 c5 9. Qd2 Re8 10. h3 Bxf3 11. Bxf3 Qa5 12. Rac1 Rad8 13. Rfd1 a6 14. Qe1 h6 15. a3 Qc7 16. Nd5 Qb8 17. b4 Nxd5 18. exd5 cxd4 19. Bxd4 Bxd4 20. Rxd4 Ne5 21. Be2 b6 22. f4 Nd7 23. Bd3 e5 24. dxe6 Rxe6 25. Re4 Rde8 26. Rxe6 Rxe6 27. Qf2 Rf6 28. Rf1 a5 29. Qd4 g5 30. Qe4 Nf8 31. fxg5 Rxf1+ 32. Kxf1 hxg5 33. h4 Qd8 34. hxg5 Qxg5 35. Ke2 Ng6 36. Qa8+ Nf8 37. Kd1 Kg7 38. Qc6 Qg4+ 39. Qf3 Qxf3+ 40. gxf3 Ne6 41. Kd2 Kf6 42. Be4 Ke5 43. Ke3 f5 44. Bd5 Nf4 45. Bc6 Ng2+ 46. Kd3 f4 47. Be4 Ne3 48. bxa5 bxa5 49. a4 d5 50. cxd5 Nxd5 51. Kc4 Nf6 52. Bc6 Kd6 53. Kb5 Nd5 54. Bb7 Nc7+ 55. Kb6 Ne6 56. Kxa5 Kc5 57. Ka6 Nc7+ 58. Ka7 Kb4 59. Kb6 Ne6 60. a5 Nc5 61. Bc6 Kc4 62. a6 Nxa6 1-0

[Event "Swindon U1900"]
[Site "Swindon"]
[Date "2025.08.24"]
[Round "5.5"]
[White "Hitchens, Matthew"]
[Black "Goodfellow, Russell Robert"]
[Result "0-1"]
[WhiteElo "1861"]
[BlackElo "1814"]
[PlyCount "76"]
[EventDate "2025.08.22"]
[EventType "swiss"]
[EventRounds "6"]
[EventCountry "ENG"]
[SourceTitle "BritBase"]
[Source "John Saunders"]
[SourceDate "2025.12.11"]
[SourceVersion "1"]
[SourceVersionDate "2025.12.11"]
[SourceQuality "1"]

1. f4 d5 2. Nf3 Nf6 3. e3 g6 4. b3 Bg7 5. Bb2 O-O 6. Be2 c5 7. O-O a6 8. d3 Ng4 9. Bxg7 Kxg7 10. Qd2 d4 11. exd4 cxd4 12. c3 Nc6 13. Na3 Ne3 14. Rfe1 Qd6 15. cxd4 Nd5 16. Nc4 Qxf4 17. Qb2 Bf5 18. Nce5 Ncb4 19. a3 Nc6 20. Nxc6 bxc6 21. Rac1 Qd6 22. Ne5 Rfc8 23. Bf3 Be6 24. Rc5 Rab8 25. Rec1 f6 26. Rxc6 Qd8 27. Rxe6 fxe5 28. Rxe5 Nf4 29. Rd1 Qd6 30. d5 Kf7 31. Qd4 Nh5 32. Rxh5 gxh5 33. Bxh5+ Kg8 34. Bg4 Rd8 35. Bf3 Rxb3 36. Re1 Rxa3 37. Re6 Qxe6 38. Qb4 Ra1+ 0-1

[Event "Swindon U1900"]
[Site "Swindon"]
[Date "2025.08.24"]
[Round "5.6"]
[White "Tuson, Jon"]
[Black "George, Richard M"]
[Result "1-0"]
[WhiteElo "1825"]
[BlackElo "1839"]
[PlyCount "95"]
[EventDate "2025.08.22"]
[EventType "swiss"]
[EventRounds "6"]
[EventCountry "ENG"]
[SourceTitle "BritBase"]
[Source "John Saunders"]
[SourceDate "2025.12.11"]
[SourceVersion "1"]
[SourceVersionDate "2025.12.11"]
[SourceQuality "1"]

1. Nf3 d5 2. d4 Nf6 3. c4 c6 4. Nc3 dxc4 5. a4 Na6 6. e3 Bg4 7. Bxc4 e6 8. O-O Nb4 9. a5 Be7 10. Be2 O-O 11. e4 Qc7 12. Be3 Rfd8 13. Qb3 Rac8 14. Rfc1 Bxf3 15. Bxf3 Qd7 16. Rd1 h6 17. Na4 Na6 18. d5 Bb4 19. Bxa7 Bxa5 20. Bb6 Bxb6 21. Nxb6 Qe8 22. Nxc8 Rxc8 23. d6 Qd7 24. Qb6 Kf8 25. Ra4 Ke8 26. Be2 Ra8 27. f3 h5 28. Bxa6 Rxa6 29. Rxa6 bxa6 30. Qxa6 Kf8 31. Qa8+ Qe8 32. Qb7 Qd7 33. Qxd7 Nxd7 34. Ra1 f6 35. Ra7 Ke8 36. f4 g6 37. Kf2 e5 38. g3 Nc5 39. Ke3 Nd7 40. b4 g5 41. fxg5 fxg5 42. Rc7 g4 43. Rxc6 Kf7 44. b5 Ke6 45. b6 Nb8 46. Rc8 Na6 47. b7 Kd7 48. b8=Q 1-0

[Event "Swindon U1900"]
[Site "Swindon"]
[Date "2025.08.24"]
[Round "5.7"]
[White "Morrison, John V"]
[Black "Abdalla, Suhayl"]
[Result "1-0"]
[WhiteElo "1807"]
[BlackElo "1697"]
[PlyCount "87"]
[EventDate "2025.08.22"]
[EventType "swiss"]
[EventRounds "6"]
[EventCountry "ENG"]
[SourceTitle "BritBase"]
[Source "John Saunders"]
[SourceDate "2025.12.11"]
[SourceVersion "1"]
[SourceVersionDate "2025.12.11"]
[SourceQuality "1"]

1. f4 d5 2. e3 Nf6 3. Nf3 Bf5 4. b3 e6 5. Bb2 Be7 6. Bb5+ Nbd7 7. O-O O-O 8. Qe1 a6 9. Bd3 Bxd3 10. cxd3 c5 11. Qg3 Ne8 12. Nc3 Bf6 13. Ng5 b5 14. Rac1 d4 15. Nce4 dxe3 16. Nxf6+ Ndxf6 17. dxe3 Qxd3 18. Qf3 Nd5 19. Rfe1 Rc8 20. Ne4 c4 21. Rcd1 Qc2 22. Rd2 Qxd2 23. Nxd2 c3 24. e4 cxd2 25. Rd1 Rc2 26. Bd4 Nb4 27. Bc3 Nxa2 28. Bxd2 Nf6 29. Qd3 Rcc8 30. Ba5 b4 31. Ra1 Nc3 32. Qxa6 Ra8 33. Qf1 Rab8 34. Bc7 Rb7 35. Be5 Nfxe4 36. Qc4 Nd2 37. Qc6 Nxb3 38. Qxb7 Nxa1 39. Qxb4 Nd5 40. Qa4 f6 41. Bxa1 Kf7 42. Qd7+ Kg6 43. Qxe6 Nxf4 44. Qg4+ 1-0

[Event "Swindon U1900"]
[Site "Swindon"]
[Date "2025.08.24"]
[Round "5.8"]
[White "Ranasinghe, R A Chaniru Chanudi"]
[Black "Williams, R Gareth"]
[Result "1-0"]
[WhiteElo "1642"]
[BlackElo "1806"]
[PlyCount "101"]
[EventDate "2025.08.22"]
[EventType "swiss"]
[EventRounds "6"]
[EventCountry "ENG"]
[SourceTitle "BritBase"]
[Source "John Saunders"]
[SourceDate "2025.12.11"]
[SourceVersion "1"]
[SourceVersionDate "2025.12.11"]
[SourceQuality "1"]

1. d4 d6 2. Bf4 Nf6 3. Nc3 Nbd7 4. Nf3 Nh5 5. Bg3 Nxg3 6. hxg3 c6 7. e4 e5 8. dxe5 Nxe5 9. Nxe5 dxe5 10. Bc4 Qxd1+ 11. Rxd1 b5 12. Bb3 a5 13. a4 b4 14. Nb1 Ba6 15. Nd2 Rd8 16. Bc4 Rxd2 17. Bxf7+ Kxf7 18. Rxd2 Be7 19. Rd7 h6 20. Ra7 Bc4 21. Rxa5 Rd8 22. b3 Be6 23. Rxe5 Bf6 24. Rc5 Bc3+ 25. Ke2 Rd2+ 26. Ke3 Bd4+ 27. Kxd2 Bxc5 28. Kd3 Ke7 29. f3 Bd6 30. g4 Bf7 31. Re1 Kf6 32. Kd4 c5+ 33. Kd3 Bg3 34. Ra1 Be5 35. Rd1 Be6 36. a5 Bd4 37. a6 Bc8 38. a7 Ba6+ 39. Kd2 Bb7 40. Ke2 Ke5 41. g3 Ba6+ 42. Kd2 Bb7 43. Kd3 Kd6 44. f4 Kc6 45. e5 Kb6 46. Kc4 Kc6 47. a8=B Bxa8 48. Rxd4 cxd4 49. Kxd4 Kb5 50. f5 Bf3 51. f6 1-0

[Event "Swindon U1900"]
[Site "Swindon"]
[Date "2025.08.24"]
[Round "5.9"]
[White "Ebrahimi, Navid"]
[Black "Lawrence, Spencer"]
[Result "1-0"]
[WhiteElo "1695"]
[BlackElo "1791"]
[PlyCount "57"]
[EventDate "2025.08.22"]
[EventType "swiss"]
[EventRounds "6"]
[EventCountry "ENG"]
[SourceTitle "BritBase"]
[Source "John Saunders"]
[SourceDate "2025.12.11"]
[SourceVersion "1"]
[SourceVersionDate "2025.12.11"]
[SourceQuality "1"]

1. e4 c5 2. Be2 Nf6 3. d3 Nc6 4. f4 Nd4 5. Nf3 Nxe2 6. Qxe2 e6 7. Nc3 d5 8. e5 Nd7 9. O-O d4 10. Ne4 Nb6 11. a4 a5 12. Qf2 Nd5 13. Qg3 Rg8 14. Nfd2 f5 15. exf6 Nxf6 16. Nc4 Nxe4 17. dxe4 Bd6 18. Qh3 Rh8 19. f5 exf5 20. exf5 Be7 21. Bh6 gxh6 22. Rae1 Qd5 23. Qh5+ Kd8 24. Nb6 Qc6 25. Qf7 Re8 26. Nxa8 b6 27. f6 Bxf6 28. Rxe8+ Qxe8 29. Qc7# 1-0

[Event "Swindon U1900"]
[Site "Swindon"]
[Date "2025.08.24"]
[Round "5.10"]
[White "Binu, Nathan"]
[Black "Bryant, Jeffrey"]
[Result "0-1"]
[WhiteElo "1758"]
[BlackElo "1695"]
[PlyCount "170"]
[EventDate "2025.08.22"]
[EventType "swiss"]
[EventRounds "6"]
[EventCountry "ENG"]
[SourceTitle "BritBase"]
[Source "John Saunders"]
[SourceDate "2025.12.11"]
[SourceVersion "1"]
[SourceVersionDate "2025.12.11"]
[SourceQuality "1"]

1. e4 c5 2. Nf3 e6 3. d4 cxd4 4. Nxd4 a6 5. Nc3 b5 6. Bd3 Bb7 7. Be3 Nc6 8. Nxc6 Bxc6 9. O-O Qc7 10. f4 Nf6 11. e5 Nd5 12. Nxd5 Bxd5 13. a4 b4 14. Qe2 Bc5 15. Kh1 Bxe3 16. Qxe3 O-O 17. Rad1 Qc6 18. Qh3 Be4 19. Bxe4 Qxe4 20. Qd3 Qxd3 21. Rxd3 Rfc8 22. Rf2 Ra7 23. Rfd2 Rcc7 24. Kg1 Kf8 25. Kf2 Ke7 26. g3 Rc5 27. Ke2 Rac7 28. Kd1 a5 29. b3 f6 30. Re3 fxe5 31. fxe5 Rc3 32. Rxc3 Rxc3 33. Re2 g5 34. Kd2 d6 35. exd6+ Kxd6 36. Rf2 Ke7 37. Re2 Kd6 38. Rf2 Ke7 39. Rf1 h5 40. Rf2 h4 41. gxh4 gxh4 42. Rg2 Rh3 43. Kd1 Kf6 44. Ke2 Kf5 45. Rf2+ Ke4 46. Rg2 Kd4 47. Kd2 e5 48. Kd1 e4 49. Kd2 e3+ 50. Ke2 Kc3 51. Ke1 Rf3 52. Rg5 Rf2 53. Rxa5 Kxc2 54. Re5 Kd3 55. Rd5+ Ke4 56. Rd8 Rxh2 57. a5 Ra2 58. Re8+ Kd4 59. Rd8+ Kc3 60. Re8 Rxa5 61. Rxe3+ Kd4 62. Rh3 Rh5 63. Kd2 Rh8 64. Ke2 Ke4 65. Kf2 Kf4 66. Kg2 Kg4 67. Rd3 Rf8 68. Rd4+ Rf4 69. Rd3 Re4 70. Rd8 h3+ 71. Kh2 Re2+ 72. Kg1 Kf3 73. Rf8+ Ke3 74. Rh8 h2+ 75. Kh1 Kd3 76. Rc8 Rc2 77. Rg8 Kc3 78. Rg3+ Kb2 79. Re3 Rc3 80. Re2+ Kxb3 81. Rxh2 Rc1+ 82. Kg2 Rc2+ 83. Kg3 Rxh2 84. Kxh2 Kc2 85. Kg3 b3 0-1

[Event "Swindon U1900"]
[Site "Swindon"]
[Date "2025.08.24"]
[Round "5.11"]
[White "Williams, Peter"]
[Black "Fretwell, Ellis"]
[Result "1-0"]
[WhiteElo "1625"]
[BlackElo "1752"]
[PlyCount "43"]
[EventDate "2025.08.22"]
[EventType "swiss"]
[EventRounds "6"]
[EventCountry "ENG"]
[SourceTitle "BritBase"]
[Source "John Saunders"]
[SourceDate "2025.12.11"]
[SourceVersion "1"]
[SourceVersionDate "2025.12.11"]
[SourceQuality "1"]

1. e4 c6 2. d4 d5 3. exd5 cxd5 4. Bd3 Nc6 5. c3 e6 6. Bf4 Bd6 7. Bxd6 Qxd6 8. Nf3 Nge7 9. Nbd2 f6 10. O-O O-O 11. Re1 e5 12. dxe5 fxe5 13. Nc4 Qf6 14. Ncxe5 Nxe5 15. Rxe5 Bg4 16. Qe2 Ng6 17. Bxg6 Qxg6 18. Kh1 Rae8 19. Re1 Rxe5 20. Qxe5 Rxf3 21. Qxd5+ Qf7 22. Re8# 1-0

[Event "Swindon U1900"]
[Site "Swindon"]
[Date "2025.08.24"]
[Round "5.12"]
[White "Saharkar, Sharvari"]
[Black "French, Morgan"]
[Result "0-1"]
[WhiteElo "1587"]
[BlackElo "1717"]
[PlyCount "78"]
[EventDate "2025.08.22"]
[EventType "swiss"]
[EventRounds "6"]
[EventCountry "ENG"]
[SourceTitle "BritBase"]
[Source "John Saunders"]
[SourceDate "2025.12.11"]
[SourceVersion "1"]
[SourceVersionDate "2025.12.11"]
[SourceQuality "1"]

1. e4 Nf6 2. e5 Nd5 3. d4 d6 4. c4 Nb6 5. f4 Bf5 6. Nf3 dxe5 7. fxe5 e6 8. Bd3 Bxd3 9. Qxd3 c5 10. O-O Nc6 11. Qe2 cxd4 12. Ng5 Bc5 13. Kh1 O-O 14. Nd2 Qxg5 15. Ne4 Qxe5 16. Bf4 d3 17. Qxd3 Qd4 18. Qe2 Be7 19. b3 f5 20. Ng5 Bxg5 21. Bxg5 e5 22. Qh5 Qg4 23. Qxg4 fxg4 24. Rfe1 Rae8 25. Re4 h5 26. Rae1 Nd7 27. Kg1 Nc5 28. R4e3 e4 29. Bh4 Nd4 30. Rc3 Nd3 31. Re3 Nf4 32. Rc1 Nfe2+ 33. Kh1 Nxc1 34. Re1 Nd3 35. Rb1 e3 36. Kg1 e2 37. Bf2 Rxf2 38. a4 e1=Q+ 39. Rxe1 Rxe1# 0-1

[Event "Swindon U1900"]
[Site "Swindon"]
[Date "2025.08.24"]
[Round "5.13"]
[White "Northam, Lawrence"]
[Black "Morrish, John"]
[Result "1-0"]
[WhiteElo "1880"]
[BlackElo "1713"]
[PlyCount "93"]
[EventDate "2025.08.22"]
[EventType "swiss"]
[EventRounds "6"]
[EventCountry "ENG"]
[SourceTitle "BritBase"]
[Source "John Saunders"]
[SourceDate "2025.12.11"]
[SourceVersion "1"]
[SourceVersionDate "2025.12.11"]
[SourceQuality "1"]

1. d4 Nf6 2. c4 e5 3. dxe5 Ne4 4. a3 d6 5. Qc2 Nc5 6. b4 Ne6 7. exd6 Bxd6 8. Nf3 Nd7 9. Bb2 Be7 10. e3 Bf6 11. Nc3 a5 12. Rd1 c6 13. Ne4 Be7 14. Qc3 axb4 15. axb4 Qc7 16. Bd3 Nf6 17. Ng3 c5 18. b5 Qa5 19. Qxa5 Rxa5 20. Ra1 Rxa1+ 21. Bxa1 O-O 22. Ke2 Nd7 23. Nf5 Re8 24. Nxe7+ Rxe7 25. Bc3 Nf4+ 26. Kd2 Nxd3 27. Kxd3 Nb6 28. Ba5 Nd7 29. Bd8 Re8 30. Bc7 b6 31. Ra1 f6 32. Nd2 Bb7 33. f3 Rc8 34. Bg3 Ra8 35. Rxa8+ Bxa8 36. Ne4 Kf7 37. Nd6+ Ke6 38. Ne8 Kf7 39. Nc7 Bb7 40. e4 g6 41. Bd6 Ne5+ 42. Bxe5 fxe5 43. Nd5 Bxd5 44. exd5 Ke7 45. Ke4 Kf6 46. h4 h6 47. g4 1-0

[Event "Swindon U1900"]
[Site "Swindon"]
[Date "2025.08.24"]
[Round "5.14"]
[White "Misra, Anay"]
[Black "Jackson, Sam"]
[Result "1/2-1/2"]
[WhiteElo "1804"]
[BlackElo "1701"]
[PlyCount "56"]
[EventDate "2025.08.22"]
[EventType "swiss"]
[EventRounds "6"]
[EventCountry "ENG"]
[SourceTitle "BritBase"]
[Source "John Saunders"]
[SourceDate "2025.12.11"]
[SourceVersion "1"]
[SourceVersionDate "2025.12.11"]
[SourceQuality "1"]

1. e4 c5 2. Nf3 Nc6 3. d4 cxd4 4. Nxd4 g6 5. Nc3 Bg7 6. Be3 Nf6 7. Be2 O-O 8. O-O d5 9. Nxc6 bxc6 10. e5 Nd7 11. f4 e6 12. Na4 Qa5 13. b3 Ba6 14. Bxa6 Qxa6 15. Re1 Qc8 16. Nc5 Re8 17. Nxd7 Qxd7 18. Bc5 Bf8 19. Bxf8 Rxf8 20. Qf3 a5 21. a4 c5 22. Rad1 Qa7 23. Kh1 Rfb8 24. f5 gxf5 25. Qh5 c4 26. bxc4 dxc4 27. Qg5+ Kh8 28. Qf6+ Kg8 1/2-1/2

[Event "Swindon U1900"]
[Site "Swindon"]
[Date "2025.08.24"]
[Round "5.15"]
[White "Di-Vetta, Andrew"]
[Black "Dickerson, Trevor"]
[Result "1-0"]
[WhiteElo "1768"]
[BlackElo "1687"]
[PlyCount "161"]
[EventDate "2025.08.22"]
[EventType "swiss"]
[EventRounds "6"]
[EventCountry "ENG"]
[SourceTitle "BritBase"]
[Source "John Saunders"]
[SourceDate "2025.12.11"]
[SourceVersion "1"]
[SourceVersionDate "2025.12.11"]
[SourceQuality "1"]

1. b3 e5 2. c4 Nf6 3. Bb2 Nc6 4. g3 g6 5. Bg2 d6 6. Nc3 Bg7 7. Nd5 O-O 8. d3 Ne7 9. Nxf6+ Bxf6 10. f4 Nc6 11. Nh3 Rb8 12. O-O Bd7 13. fxe5 Bxe5 14. d4 Bg7 15. Qd2 Qe7 16. Rae1 Rfe8 17. e4 Qd8 18. Qf2 Rf8 19. Nf4 Ne7 20. d5 Be5 21. Bxe5 dxe5 22. Nd3 f6 23. Nc5 b6 24. Na6 Ra8 25. Nb4 Qc8 26. Qd2 a5 27. Nd3 Bh3 28. c5 Bxg2 29. Kxg2 Qd7 30. Qe3 b5 31. c6 Qd6 32. Nc5 Nxd5 33. exd5 Qxd5+ 34. Ne4 Qxc6 35. Kg1 Kg7 36. Rc1 Qd7 37. Nc5 Qe7 38. Rfd1 Rfd8 39. Qc3 c6 40. Qe3 Rd6 41. Ne4 Rxd1+ 42. Rxd1 Rd8 43. Rd3 Rd5 44. Nf2 Qd7 45. Rc3 f5 46. Qf3 e4 47. Qe3 b4 48. Rc2 Kg8 49. g4 fxg4 50. Qxe4 Qf5 51. Qe8+ Kg7 52. Qxc6 Qe5 53. Qc7+ Qxc7 54. Rxc7+ Kh6 55. Nxg4+ Kg5 56. Ne3 Rd2 57. Rc5+ Kf4 58. Ng2+ Kf3 59. Ne1+ Kg4 60. Rxa5 Kh3 61. Ra7 h5 62. Ra6 g5 63. Ra5 Rd1 64. Kf1 Kxh2 65. Rxg5 h4 66. Rg4 Kh3 67. Rxb4 Kg3 68. Ke2 Ra1 69. a4 h3 70. Rb8 Ra2+ 71. Ke3 h2 72. Rg8+ Kh3 73. Rh8+ Kg3 74. Nf3 Ra3 75. Rg8+ Kh3 76. Nd4 Kh4 77. Rh8+ Kg3 78. Kd3 Kg2 79. Kc4 h1=Q 80. Rxh1 Kxh1 81. Kb5 1-0

[Event "Swindon U1900"]
[Site "Swindon"]
[Date "2025.08.25"]
[Round "6.1"]
[White "Ramdewar, Ishan"]
[Black "Tuson, Jon"]
[Result "1-0"]
[WhiteElo "1867"]
[BlackElo "1825"]
[PlyCount "57"]
[EventDate "2025.08.22"]
[EventType "swiss"]
[EventRounds "6"]
[EventCountry "ENG"]
[SourceTitle "BritBase"]
[Source "John Saunders"]
[SourceDate "2025.12.11"]
[SourceVersion "1"]
[SourceVersionDate "2025.12.11"]
[SourceQuality "1"]

1. e4 d6 2. d4 Nf6 3. Nc3 g6 4. Bg5 c6 5. f4 Qa5 6. Qd2 Nbd7 7. e5 dxe5 8. fxe5 Nd5 9. Nf3 Bg7 10. Bd3 f6 11. exf6 N7xf6 12. O-O Nxc3 13. bxc3 Nd5 14. Rae1 Rf8 15. Bc4 Rf7 16. Rf2 Bg4 17. Ne5 Rxf2 18. Qxf2 Bxe5 19. Rxe5 O-O-O 20. Bxe7 Re8 21. Qf7 Bd7 22. Bxd5 cxd5 23. Bb4 Qd8 24. Qxd5 b6 25. Qa8+ Kc7 26. Qxa7+ Kc8 27. Bd6 Bc6 28. Rxe8 Qxe8 29. Qc7# 1-0

[Event "Swindon U1900"]
[Site "Swindon"]
[Date "2025.08.25"]
[Round "6.2"]
[White "Cawston, M John"]
[Black "Johnson, Richard J"]
[Result "1-0"]
[WhiteElo "1781"]
[BlackElo "1866"]
[PlyCount "108"]
[EventDate "2025.08.22"]
[EventType "swiss"]
[EventRounds "6"]
[EventCountry "ENG"]
[SourceTitle "BritBase"]
[Source "John Saunders"]
[SourceDate "2025.12.11"]
[SourceVersion "1"]
[SourceVersionDate "2025.12.11"]
[SourceQuality "1"]

1. Nf3 d6 2. d4 g6 3. c4 Bg7 4. g3 Nf6 5. Bg2 O-O 6. O-O c6 7. Nc3 Nbd7 8. Qc2 e5 9. Rd1 Qc7 10. h3 Re8 11. e4 a5 12. Be3 exd4 13. Nxd4 Nc5 14. Rac1 Ne6 15. Rd2 Bf8 16. Rcd1 Nd7 17. b3 Ndc5 18. Kh2 f5 19. Nxe6 Bxe6 20. Bxc5 dxc5 21. exf5 Bxf5 22. Be4 Bxe4 23. Nxe4 Qe5 24. Re2 Rad8 25. Rxd8 Rxd8 26. Qc3 Qxc3 27. Nxc3 Kf7 28. Kg2 h6 29. Ne4 Rd4 30. Kf3 b5 31. Rc2 a4 32. Ke3 axb3 33. axb3 bxc4 34. Rxc4 Rxc4 35. bxc4 Ke6 36. f4 Be7 37. g4 h5 38. Nd2 hxg4 39. hxg4 Bd6 40. Ke4 Kf6 41. Nb3 Ke6 42. Na5 Kd7 43. Nb7 Be7 44. f5 gxf5+ 45. Kxf5 Bf8 46. Na5 Bg7 47. g5 Bc3 48. Nb3 Kd6 49. Nc1 Ke7 50. Nd3 Bd4 51. g6 Kf8 52. Ne5 Kg7 53. Nxc6 Bf2 54. Nd8 Be1 1-0

[Event "Swindon U1900"]
[Site "Swindon"]
[Date "2025.08.25"]
[Round "6.3"]
[White "Reith, Duncan Im"]
[Black "Moseley, Alan"]
[Result "1-0"]
[WhiteElo "1849"]
[BlackElo "1759"]
[PlyCount "65"]
[EventDate "2025.08.22"]
[EventType "swiss"]
[EventRounds "6"]
[EventCountry "ENG"]
[SourceTitle "BritBase"]
[Source "John Saunders"]
[SourceDate "2025.12.11"]
[SourceVersion "1"]
[SourceVersionDate "2025.12.11"]
[SourceQuality "1"]

1. e4 d6 2. d4 Nf6 3. Nc3 e5 4. dxe5 dxe5 5. Bd3 Bg4 6. f3 Be6 7. Be3 Nbd7 8. Nge2 c6 9. O-O Bc5 10. Qd2 Qb6 11. Bxc5 Nxc5 12. Kh1 Rd8 13. Qg5 Ncd7 14. f4 h6 15. Qh4 exf4 16. Qxf4 g5 17. Qf3 Ng4 18. Nd5 cxd5 19. exd5 Nde5 20. Qg3 Rxd5 21. Nc3 Nxd3 22. cxd3 Rd8 23. Rae1 O-O 24. h3 Qxb2 25. Ne4 Ne5 26. Nf6+ Kh8 27. Rxe5 Qd4 28. Rxg5 Qxd3 29. Rf3 Qb1+ 30. Kh2 Qb6 31. Qh4 Qd6+ 32. Rgg3 Qd2 33. Rf4 1-0

[Event "Swindon U1900"]
[Site "Swindon"]
[Date "2025.08.25"]
[Round "6.4"]
[White "Goodfellow, Russell Robert"]
[Black "Driver, Kingsley"]
[Result "1-0"]
[WhiteElo "1814"]
[BlackElo "1778"]
[PlyCount "55"]
[EventDate "2025.08.22"]
[EventType "swiss"]
[EventRounds "6"]
[EventCountry "ENG"]
[SourceTitle "BritBase"]
[Source "John Saunders"]
[SourceDate "2025.12.11"]
[SourceVersion "1"]
[SourceVersionDate "2025.12.11"]
[SourceQuality "1"]

1. e4 e6 2. d4 d5 3. Nd2 dxe4 4. Nxe4 Nd7 5. Nf3 Ngf6 6. Ned2 c5 7. Nb3 Be7 8. dxc5 O-O 9. Bf4 Nxc5 10. Qxd8 Rxd8 11. Nxc5 Bxc5 12. Bd3 h6 13. Rd1 b6 14. Bh7+ Kxh7 15. Rxd8 Nd7 16. Ne5 Be7 17. Re8 Nxe5 18. Bxe5 Bc5 19. O-O f6 20. Rd1 Bb7 21. Rxa8 Bxa8 22. Bd6 Bxd6 23. Rxd6 Bd5 24. b3 Be4 25. c3 Bb1 26. a3 Ba2 27. b4 b5 28. Ra6 1-0

[Event "Swindon U1900"]
[Site "Swindon"]
[Date "2025.08.25"]
[Round "6.5"]
[White "French, Morgan"]
[Black "Palav, Mayank"]
[Result "0-1"]
[WhiteElo "1717"]
[BlackElo "1653"]
[PlyCount "132"]
[EventDate "2025.08.22"]
[EventType "swiss"]
[EventRounds "6"]
[EventCountry "ENG"]
[SourceTitle "BritBase"]
[Source "John Saunders"]
[SourceDate "2025.12.11"]
[SourceVersion "1"]
[SourceVersionDate "2025.12.11"]
[SourceQuality "1"]

1. d4 d5 2. c4 c6 3. Nc3 Nf6 4. Bg5 e6 5. e3 Nbd7 6. Nf3 Be7 7. cxd5 Nxd5 8. Bxe7 Qxe7 9. e4 N5f6 10. Bd3 e5 11. dxe5 Nxe5 12. Be2 O-O 13. O-O Ng6 14. Qc2 Be6 15. Nd4 Nf4 16. Bf3 Bg4 17. Nf5 Qe5 18. Bxg4 Nxg4 19. Ng3 h5 20. h3 h4 21. hxg4 hxg3 22. fxg3 Ne6 23. Qf2 b6 24. Rad1 Rad8 25. Rxd8 Nxd8 26. Qf5 Qd4+ 27. Kh2 Ne6 28. g5 g6 29. Qf6 Qe3 30. e5 Qxg5 31. Ne4 Qxf6 32. Nxf6+ Kg7 33. Rd1 Rd8 34. Rxd8 Nxd8 35. Kh3 Kf8 36. Kg4 Ke7 37. Kf4 Ne6+ 38. Ke4 Nc5+ 39. Kd4 Ke6 40. g4 Nd7 41. Ne8 f6 42. Nc7+ Ke7 43. exf6+ Kxf6 44. Ke4 Nc5+ 45. Kf3 Ke7 46. b3 Kd7 47. b4 Nd3 48. Na6 Kd6 49. Ke4 Ne5 50. Kf4 Nd7 51. Kg5 c5 52. bxc5+ bxc5 53. Kxg6 Kc6 54. g5 Kb6 55. Nxc5 Kxc5 56. Kh7 Kd6 57. g6 Nf6+ 58. Kh8 Ke7 59. g7 Kf7 60. g4 Ng8 61. g5 Ne7 62. Kh7 a5 63. g6+ Kf6 64. Kh6 Nf5+ 65. Kh7 Nxg7 66. a4 Nf5 0-1

[Event "Swindon U1900"]
[Site "Swindon"]
[Date "2025.08.25"]
[Round "6.6"]
[White "Ebrahimi, Navid"]
[Black "Morrison, John V"]
[Result "1-0"]
[WhiteElo "1695"]
[BlackElo "1807"]
[PlyCount "114"]
[EventDate "2025.08.22"]
[EventType "swiss"]
[EventRounds "6"]
[EventCountry "ENG"]
[SourceTitle "BritBase"]
[Source "John Saunders"]
[SourceDate "2025.12.11"]
[SourceVersion "1"]
[SourceVersionDate "2025.12.11"]
[SourceQuality "1"]

1. e4 c5 2. Be2 Nf6 3. d3 g6 4. f4 Bg7 5. Nf3 Qb6 6. Nc3 d6 7. O-O Nc6 8. Kh1 Bd7 9. a3 e6 10. Rb1 h5 11. Qe1 h4 12. Be3 Ng4 13. Bg1 h3 14. g3 f5 15. b4 Nd4 16. bxc5 Qxc5 17. Nxd4 Bxd4 18. Bxg4 Bxg1 19. Rxg1 Rc8 20. Nd5 exd5 21. exd5+ Kf7 22. Bf3 b6 23. c4 Rce8 24. Qc3 Qe3 25. Rgf1 Qe7 26. Rfe1 Qd8 27. Qd4 Rh7 28. Rbc1 g5 29. Rxe8 Bxe8 30. Qe3 g4 31. Qe6+ Kg7 32. Be2 Bg6 33. Re1 Rh8 34. Qe3 Re8 35. Qd4+ Kf7 36. Qf2 Re7 37. Bd1 Rxe1+ 38. Qxe1 Qf6 39. Qe6+ Qxe6 40. dxe6+ Kxe6 41. Bb3 Kd7 42. Kg1 Bf7 43. Kf2 Kc6 44. Ke3 Kc5 45. d4+ Kc6 46. Ba4+ Kc7 47. Kd3 a6 48. Kc3 a5 49. Bb3 Kc6 50. Ba4+ Kc7 51. Bb5 Be6 52. Be8 Kd8 53. Bc6 Kc7 54. Bb5 Bf7 55. Kb3 Be6 56. Ka4 Kb7 57. d5 Kc7 1-0

[Event "Swindon U1900"]
[Site "Swindon"]
[Date "2025.08.25"]
[Round "6.7"]
[White "Bryant, Jeffrey"]
[Black "Ranasinghe, R A Chaniru Chanudi"]
[Result "1/2-1/2"]
[WhiteElo "1695"]
[BlackElo "1642"]
[PlyCount "130"]
[EventDate "2025.08.22"]
[EventType "swiss"]
[EventRounds "6"]
[EventCountry "ENG"]
[SourceTitle "BritBase"]
[Source "John Saunders"]
[SourceDate "2025.12.11"]
[SourceVersion "1"]
[SourceVersionDate "2025.12.11"]
[SourceQuality "1"]

1. d4 Nf6 2. c4 g6 3. h4 d6 4. Nc3 Bg7 5. e4 h5 6. Bg5 Nbd7 7. Nf3 O-O 8. Bd3 e5 9. d5 Qe8 10. O-O a6 11. Qd2 Kh7 12. b4 b6 13. Rfc1 Ng8 14. Qc2 Ndf6 15. Na4 Bd7 16. Nb2 c5 17. a3 Bh6 18. Nd1 Ba4 19. Qd2 Bxd1 20. Qxd1 Bxg5 21. Nxg5+ Kg7 22. bxc5 bxc5 23. Rcb1 Rb8 24. Rxb8 Qxb8 25. Rb1 Qa7 26. Qb3 Nd7 27. Qb7 Ra8 28. Qc6 Nb8 29. Qxd6 Nd7 30. Qc6 Ne7 31. Qb7 Nc8 32. Qxa7 Rxa7 33. Kf1 Nd6 34. Ke2 f5 35. Ne6+ Kf6 36. f3 f4 37. Kd2 Rb7 38. Rxb7 Nxb7 39. Kc3 Ke7 40. Bc2 Nb6 41. Nc7 Na5 42. Bd3 Kd7 43. Nxa6 Na4+ 44. Kd2 Nb3+ 45. Ke1 Nd4 46. Nb8+ Kc7 47. Nc6 Nxc6 48. dxc6 Kxc6 49. Kf2 Nb2 50. Be2 Kd6 51. g3 Ke6 52. gxf4 exf4 53. Ke1 Kf6 54. Kd2 g5 55. hxg5+ Kxg5 56. Kc2 Na4 57. Kb3 Nb6 58. a4 Na8 59. a5 Nc7 60. e5 Kf5 61. Bf1 Kxe5 62. Kc3 Na6 63. Bh3 h4 64. Bg4 Nb4 65. Bh3 Na6 1/2-1/2